Statistics for Rush Songs by A Line or Two!

Click here to take the quiz!

General Stats

  • This quiz has been taken 110 times
  • The average score is 20 of 33

Answer Stats

Answer% Correct
You can choose from phantom fears and kindness that can kill, I will choose a path that's clear, I will choose ________Freewill
99%
No his mind is not for rent, to any god of governmentTom Sawyer
96%
One likes to believe in the freedom of music, but glittering prizes and endless compromises, shatter the illusion of integrityThe Spirit of Radio
94%
We are the Priests of the Temples of Syrinx2112
92%
I get home at 5 o'clock and I take myself out a nice cold beerWorking Man
86%
I can't pretend a stranger is a long awaited friendLimelight
85%
I spin around with shrieking tires to run the deadly race, go screaming through the valley as another joins the chaseRed Barchetta
85%
To stand within the Pleasure Dome decreed by Kubla KhanXanadu
81%
In the high school halls, in the shopping malls, conform or be cast outSubdivisions
79%
There is trouble in the forest, and the creatures all have fledThe Trees
77%
You can be the captain, I will draw the chart, sailing into destinyCloser to the Heart
76%
(4 and a half minutes of instrumental)YYZ
76%
Wreathed in smoke in Lebanon, we burn the midnight oilA Passage to Bangkok
73%
My ship isn't coming and I just can't pretendFly By Night
67%
Summer's going fast, night's growing colder, children growing up, old friends growing olderTime Stand Still
65%
(9 and a half minutes of instrumental)La Villa Strangiato
64%
The big bang took and shook the world, shot down the rising sunManhattan Project
56%
He's old enough to know what's right but young enough not to choose itNew World Man
56%
Are we the last ones left alive? Are we the only human beings to survive?Red Sector A
54%
Thunder heads are rumbling in a distant overtureJacob's Ladder
53%
From first to last, the peak is never passedMarathon
51%
Polarize me, criticize me, sensitize me, civilize me, compensate me, ________ me, complicate me, elevate meAnimate
50%
As the years went by, we drifted apart, when I heard that you were gone I felt a shadow cross my heartNobody's Hero
49%
Here we go, vertigo, video vertigo, ____________Test For Echo
47%
It's the power and the glory, it's a war in paradise, it's a Cinderella story on a tumble of the diceThe Big Money
47%
Well you can stake that claim, good work is the key to good fortune. Winners take that praise, losers seldom take that blameRoll The Bones
44%
An ounce of perception, a pound of obscure, process information at half speedVital Signs
42%
In a world where I feel so small, I can't stop thinking bigCaravan
36%
We suspend our disbelief, and we are entertainedMystic Rhythms
36%
The wonders in the world, wonders in the world, wonders in the world they wroughtAnthem
35%
We will pay the price, but we will not count the costBravado
29%
My ship cannot resist her long nearer to my deadly goal until the black hole gains controlCygnus Book I
17%
I have memory and awareness but I have no shape or form, as a disembodied spirit, I am dead and yet unbornCygnus Book II
14%

Score Distribution

Percentile by Number Answered

Percent of People with Each Score

Your Score History

You have not taken this quiz